A cadeira de botanica na universidades / (Record no. 155252)

MARC details
000 -LEADER
campo de control de longitud fija 00797nam a22001935i 4500
001 - NÚMERO DE CONTROL
campo de control 155252
003 - IDENTIFICADOR DE NÚMERO DE CONTROL
campo de control ES-MaACL
005 - FECHA Y HORA DE LA ÚLTIMA TRANSACCIÓN
campo de control 20230906210017.0
008 - DATOS DE LONGITUD FIJA--INFORMACIÓN GENERAL
campo de control de longitud fija 040719s1892 po |||| | por d
080 ## - NÚMERO DE LA CLASIFICACIÓN DECIMAL UNIVERSAL
Número de la Clasificación Decimal Universal 58(469)
100 1# - ENTRADA PRINCIPAL--NOMBRE DE PERSONA
Nombre de persona Henriques, Julio Augusto.
9 (RLIN) 127858
245 12 - MENCIÓN DEL TÍTULO
Título A cadeira de botanica na universidades /
Mención de responsabilidad, etc. pelo Julio Augusto Henriques.
260 ## - PUBLICACIÓN, DISTRIBUCIÓN, ETC.
Lugar de publicación, distribución, etc. Coimbra :
Nombre del editor, distribuidor, etc. [s.n.],
Fecha de publicación, distribución, etc. 1892 (
Fabricante Imp. da Universidade)
300 ## - DESCRIPCIÓN FÍSICA
Extensión 10 p. ;
Dimensiones 23 cm.
594 ## - Nota al título y mención de responsabilidad
Nota al título y mención de responsabilidad Precede al tít.: Congresso Pedãgogico Hispano-Portuguez-Americano. Secção portugueza.
650 #4 - PUNTO DE ACCESO ADICIONAL DE MATERIA--TÉRMINO DE MATERIA
Término de materia o nombre geográfico como elemento de entrada Botánica-
Subdivisión geográfica Portugal.
9 (RLIN) 176349
711 2# - ENTRADA AGREGADA--NOMBRE DE REUNIÓN
Nombre de congreso/reunión o jurisdicción como elemento de entrada Congresso Pedagogico Hispano-Portuguez-Americano (
Fecha del congreso o de la firma del tratado 1892.
Sede del congreso/Lugar de la reunión Lisboa)
9 (RLIN) 135108
852 4# - LOCALIZACIÓN
Ubicación ES-MaACL
Número de control de estantería T-1120-F-18
Nota libre - Enc. hol., conservando cub. original
-- - Enc. en un vol. facticio
Holdings
Estatus retirado Estado de pérdida Estado de daño No para préstamo Colección Biblioteca de origen Biblioteca actual Ubicación en estantería Fecha de adquisición Total de préstamos Signatura topográfica completa Código de barras Visto por última vez Precio de reemplazo Tipo de ítem Koha
        Colección de folletos Biblioteca del Ateneo de Madrid Biblioteca del Ateneo de Madrid Depósito folletos 17/01/2008   T-1120-F-18 1162401 23/02/2023 23/02/2023 Folleto